Avoiding a pitfall. (Record no. 60502)

MARC details
000 -LEADER
fixed length control field 00806cam a2200193 4500
001 - CONTROL NUMBER
control field ABS60847
008 - FIXED-LENGTH DATA ELEMENTS--GENERAL INFORMATION
fixed length control field 000000n1999 000 0 eng u
035 ## - SYSTEM CONTROL NUMBER
System control number (Sirsi) u101357
100 ## - MAIN ENTRY--PERSONAL NAME
Personal name Brenchley, L.
245 ## - TITLE STATEMENT
Title Avoiding a pitfall.
260 ## - PUBLICATION, DISTRIBUTION, ETC.
Date of publication, distribution, etc. 1999
490 ## - SERIES STATEMENT
Series statement Building
Volume/sequential designation 264(8091) 11 June 1999, 67(1)
520 ## - SUMMARY, ETC.
Summary, etc. Explains the concept of 'thin' project management, where one person acts as project manager throughout the project, and acts as the client, giving all their instructions and directions. The focus of the 'thin' project manager's function is to make their team work together, rather than becoming part of the team.
650 ## - SUBJECT ADDED ENTRY--TOPICAL TERM
Topical term or geographic name entry element CONSTRUCTION PROJECTS
650 ## - SUBJECT ADDED ENTRY--TOPICAL TERM
Topical term or geographic name entry element MANAGEMENT-PROJECT MANAGEMENT
650 ## - SUBJECT ADDED ENTRY--TOPICAL TERM
Topical term or geographic name entry element TEAM BUILDING
690 ## - LOCAL SUBJECT ADDED ENTRY--TOPICAL TERM (OCLC, RLIN)
Topical term or geographic name as entry element Project management
9 (RLIN) 6261
942 ## - ADDED ENTRY ELEMENTS (KOHA)
Suppress in OPAC 0
Holdings
Withdrawn status Lost status Source of classification or shelving scheme Damaged status Not for loan Home library Current library Shelving location Date acquired Total Checkouts Full call number Barcode Date last seen Copy number Price effective from Koha item type
    Dewey Decimal Classification     London London Journal article 04/11/1999   ABS60847 101357-1001 06/08/2019 1 06/08/2019 Journal article